000 00536nam a2200193Ia 4500
008 131103s9999 xx 000 0 und d
020 _cRs.42.50
040 _aLoreto College
041 _aEnglish
082 _a954.02/GRE
_bLCLIB/21369
100 _aGrenard,Fernand
245 _aBaber
_b first of the moguls
_cFernard Grenard
260 _aDehra Dun
_bNatraj Publishers
_c1931
300 _a253 p.
_c 21 cm.
504 _aIncludes index and bibliography
650 _aHistory - Medieval India
850 _aLCLIB
942 _cBK
999 _c9449
_d59928